Report on Kumrahar excavations, 1951-1955 / (Record no. 23490)
[ view plain ]
| 000 -LEADER | |
|---|---|
| fixed length control field | 00995cam a22002891 4500 |
| 001 - CONTROL NUMBER | |
| control field | 10324478 |
| 003 - CONTROL NUMBER IDENTIFIER | |
| control field | BDDh-ASL |
| 005 - DATE AND TIME OF LATEST TRANSACTION | |
| control field | 20231015030240.0 |
| 008 - FIXED-LENGTH DATA ELEMENTS--GENERAL INFORMATION | |
| fixed length control field | 740917s1959 xx 000 0 eng |
| 010 ## - LIBRARY OF CONGRESS CONTROL NUMBER | |
| LC control number | sa 64001642 |
| 035 ## - SYSTEM CONTROL NUMBER | |
| System control number | (OCoLC)1011767 |
| 040 ## - CATALOGING SOURCE | |
| Original cataloging agency | DLC |
| Transcribing agency | NIC |
| Modifying agency | DLC |
| -- | BDDh-ASL |
| 042 ## - AUTHENTICATION CODE | |
| Authentication code | premarc |
| 050 00 - LIBRARY OF CONGRESS CALL NUMBER | |
| Classification number | DS486.P26 |
| Item number | A55 |
| 082 ## - DEWEY DECIMAL CLASSIFICATION NUMBER | |
| Classification number | 930.1 |
| Item number | ALR |
| 100 1# - MAIN ENTRY--PERSONAL NAME | |
| Personal name | Altekar, Anant Sadashiv |
| 245 10 - TITLE STATEMENT | |
| Title | Report on Kumrahar excavations, 1951-1955 / |
| Statement of responsibility, etc. | by A. S. Altekar and Vijayakanta Mishra. |
| 260 ## - PUBLICATION, DISTRIBUTION, ETC. | |
| Place of publication, distribution, etc. | Patna: |
| Name of publisher, distributor, etc. | K. P. Jayaswal Research Institute, |
| Date of publication, distribution, etc. | 1959. |
| 300 ## - PHYSICAL DESCRIPTION | |
| Extent | xv, 142 p. : |
| Other physical details | illus., 82 plates, fold. maps. |
| Dimensions | 27cm. |
| 490 1# - SERIES STATEMENT | |
| Series statement | K. P. Jayaswal Research Institute, Historical research series, |
| Volume/sequential designation | no. 3 |
| 651 #0 - SUBJECT ADDED ENTRY--GEOGRAPHIC NAME | |
| Geographic name | Patna (India) |
| General subdivision | Antiquities. |
| 700 1# - ADDED ENTRY--PERSONAL NAME | |
| Personal name | Mishra, Vijayakanta, joint author. |
| 740 0# - ADDED ENTRY--UNCONTROLLED RELATED/ANALYTICAL TITLE | |
| Uncontrolled related/analytical title | Kumrahar excavations. |
| 830 #0 - SERIES ADDED ENTRY--UNIFORM TITLE | |
| Uniform title | Historical researches series ; |
| Volume/sequential designation | no. 3. |
| 906 ## - LOCAL DATA ELEMENT F, LDF (RLIN) | |
| a | 7 |
| b | cbc |
| c | oclcrpl |
| d | u |
| e | ncip |
| f | 19 |
| g | y-gencatlg |
| 942 ## - ADDED ENTRY ELEMENTS (KOHA) | |
| Source of classification or shelving scheme | Dewey Decimal Classification |
| Koha item type | Books |
| Withdrawn status | Lost status | Source of classification or shelving scheme | Damaged status | Not for loan | Collection code | Home library | Current library | Shelving location | Date acquired | Source of acquisition | Total Checkouts | Full call number | Barcode | Date last seen | Copy number | Price effective from | Koha item type | Public note |
|---|---|---|---|---|---|---|---|---|---|---|---|---|---|---|---|---|---|---|
| Dewey Decimal Classification | Damaged | Non-fiction | Asiatic Society Library | Asiatic Society Library | General Stacks | 03/26/2021 | ASB Library Collections | 930.1 ALR | 107942 | 03/26/2021 | C-1 | 03/26/2021 | Books | RARE |